| 000 | 01182nam a22003135a 4500 | ||
|---|---|---|---|
| 003 | OSt | ||
| 005 | 20201124141955.0 | ||
| 008 | 170517s2002 su gr 0001 0 ara d | ||
| 015 | _a22 / 3873 | ||
| 020 | _a9960400743 | ||
| 040 |
_aEG-ScBUE _bara _cEG-ScBUE _dEG-ScBUE |
||
| 041 | 1 |
_aara _heng |
|
| 082 | 0 | 4 |
_a303.482 _bهـ ا ر _222 |
| 100 | 1 | _aهاردت، مايكل. | |
| 240 | 1 | 0 |
_aEmpire. _lArabic. |
| 245 | 1 | 2 |
_aالإمبراطورية : _bإمبراطورية العولمة الجديدة / _cتأليف مايكل هاردت، أنطونيو نيغري ؛ تعريب فاضل جتكر ؛ راجع النص رضوان السيد. |
| 250 | _aط. 1. | ||
| 260 |
_aالرياض : _bالعبيكان للنشر، _c2002. |
||
| 300 |
_a592 ص. ؛ _c24 سم. |
||
| 500 | _aيشتمل على كشاف. | ||
| 546 | _aالنص باللغة العربية ؛ مترجم من اللغة الإنجليزية. | ||
| 650 | 7 |
_2BUEsh _aالعولمة. _98057 |
|
| 650 | 7 |
_aالسياسة الدولية. _917594 _2BUEsh |
|
| 651 | _2BUEsh | ||
| 653 |
_bGGEN _cMay2017 |
||
| 700 | 1 | _aنيغري، أنطونيو. | |
| 700 | 1 |
_aجتكر، فاضل، _eمترجم. |
|
| 942 | _2ddc | ||
| 999 |
_c24853 _d24825 |
||